La flor más grande del mundo /

Guardado en:
Autor Principal: Saramago, José.
Otros Autores: Caetano, João; il.
Formato: Libro
Idioma:Undetermined
Publicado: [Madrid] : Alfaguara, 2001.
Materias:
Etiquetas: Agregar Etiqueta
Sin Etiquetas, Sea el primero en etiquetar este registro!
LEADER 00746nam a22002175a 4500
001 CEM.cems020755
008 231213s2001####sp############000#0#und#d
005 20231213183649.0
245 1 0 |a La flor más grande del mundo /  |c José Saramago ; ilustrado por João Caetano. 
260 |a [Madrid] :  |b Alfaguara,  |c 2001. 
300 |a 32 p. 
020 |a 8420443549 
100 1 |a Saramago, José. 
700 1 |a Caetano, João; il. 
653 |a Literatura infantil 
653 |a Literatura portuguesa 
653 |a Literatura infantil y juvenil 
653 |a Cuento infantil 
653 |a Cuento portugués 
859 |a CEMS  |b BIB. CEMS - Inicial y Primaria  |h 869.34  |i Sa61  |k IP  |p 2145  |t Ej.1 
859 |a CEMS  |b BIB. CEMS - Inicial y Primaria  |h 869.34  |i Sa61  |k IP  |p 2146  |t Ej.2